[Event "4NCL/Div1/BET vs. WGR1"]
[Site "West Bromwich ENG"]
[Date "2003.05.03"]
[Round "9.2"]
[White "Short, Nigel"]
[Black "Williams, Simon K"]
[Result "1-0"]
[WhiteElo "2686"]
[BlackElo "2375"]
[PlyCount "55"]
[EventDate "2003.05.03"]

1. e4 c5 2. Nc3 Nc6 3. g3 g6 4. Bg2 Bg7 5. d3 d6 6. Nh3 h5 7. O-O Nf6 8. Nd5
Ne5 9. f3 h4 10. g4 Be6 11. Ndf4 Bd7 12. c3 Nc6 13. Rb1 e5 14. Nd5 Nxd5 15.
exd5 Ne7 16. f4 Qc8 17. Nf2 f5 18. fxe5 dxe5 19. d6 Nc6 20. Qb3 Be6 21. Qb5 O-O
22. Bg5 e4 23. Qxc5 b6 24. Qe3 Ne5 25. Bxh4 Qd7 26. Bg3 Qxd6 27. gxf5 gxf5 28.
dxe4 1-0

[Event "4NCL/Div1/BET vs. WGR1"]
[Site "West Bromwich ENG"]
[Date "2003.05.03"]
[Round "9.4"]
[White "Baburin, Alexander"]
[Black "Pert, Richard G"]
[Result "1-0"]
[WhiteElo "2558"]
[BlackElo "2393"]
[PlyCount "93"]
[EventDate "2003.05.03"]

1. d4 Nf6 2. c4 g6 3. Nf3 Bg7 4. g3 d5 5. cxd5 Nxd5 6. Bg2 Nb6 7. Nc3 Nc6 8. e3
O-O 9. O-O Re8 10. d5 Na5 11. Nd4 Bd7 12. e4 c6 13. Bf4 cxd5 14. exd5 Rc8 15.
Rc1 Nac4 16. b3 Nd6 17. Qd2 Rc5 18. Rfe1 Nbc8 19. Be3 Rc7 20. Nce2 Nf5 21. Nxf5
Bxf5 22. Nd4 Bd7 23. h4 h5 24. Nf3 Bg4 25. Ng5 Rd7 26. Qb4 Nb6 27. Qf4 Bf6 28.
Bd4 Kg7 29. Rc5 Qb8 30. Be5 Qd8 31. Re3 Bf5 32. d6 Bxe5 33. Qxe5+ f6 34. Qxf5
gxf5 35. Ne6+ Kf7 36. Nxd8+ Rdxd8 37. dxe7 Rd1+ 38. Kh2 f4 39. gxf4 Rxe7 40.
Rxe7+ Kxe7 41. Rxh5 Rd2 42. Rh7+ Ke6 43. Rxb7 Rxf2 44. Rxa7 Rxf4 45. Kg3 Rd4
46. h5 Rd3+ 47. Kf4 1-0

[Event "4NCL/Div1/BET vs. WGR1"]
[Site "West Bromwich ENG"]
[Date "2003.05.03"]
[Round "9.5"]
[White "Hunt, Adam C"]
[Black "Turner, Matthew J"]
[Result "1/2-1/2"]
[WhiteElo "2366"]
[BlackElo "2519"]
[PlyCount "82"]
[EventDate "2003.05.03"]

1. e4 e5 2. Nf3 Nc6 3. Bb5 a6 4. Ba4 Nf6 5. O-O b5 6. Bb3 Bc5 7. a4 Rb8 8. d3
d6 9. Be3 Bg4 10. axb5 axb5 11. c3 O-O 12. Nbd2 Qd7 13. Qe1 Bb6 14. Bxb6 Rxb6
15. Qe3 Be6 16. Bc2 d5 17. Ng5 d4 18. Qg3 dxc3 19. bxc3 b4 20. Nxe6 Qxe6 21.
cxb4 Rxb4 22. Rfc1 Rd8 23. Kf1 h6 24. Qe3 Nd4 25. Bd1 c6 26. Ra5 Rb5 27. Ra3
Rdb8 28. Nc4 Rb1 29. Ra1 Rxa1 30. Rxa1 Nd7 31. h3 Nc5 32. Kg1 Qf6 33. Kh2 Nde6
34. Bg4 Rb3 35. Bf5 Rxd3 36. Ra8+ Rd8 37. Rxd8+ Qxd8 38. Bxe6 Nxe6 39. Nxe5 Qd6
40. Qg3 c5 41. Ng4 Qxg3+ 1/2-1/2

[Event "4NCL/Div1/BET vs. WGR1"]
[Site "West Bromwich ENG"]
[Date "2003.05.03"]
[Round "9.6"]
[White "Emms, John M"]
[Black "Ledger, David J"]
[Result "1-0"]
[WhiteElo "2515"]
[BlackElo "2299"]
[PlyCount "43"]
[EventDate "2003.05.03"]

1. e4 e5 2. Nf3 Nc6 3. Bb5 a6 4. Ba4 Nf6 5. O-O b5 6. Bb3 Bc5 7. a4 Bb7 8. d3
d6 9. Nc3 b4 10. Nd5 h6 11. a5 Nxd5 12. Bxd5 Qe7 13. c3 bxc3 14. Qb3 Nd8 15.
Bxb7 Rb8 16. Qa4+ Qd7 17. b4 Qxa4 18. Rxa4 Nxb7 19. bxc5 Nxc5 20. Rc4 Rb3 21.
Nxe5 Ne6 22. Nc6 1-0

[Event "4NCL/Div1/BET vs. WGR1"]
[Site "West Bromwich ENG"]
[Date "2003.05.03"]
[Round "9.7"]
[White "Ledger, Stephen C"]
[Black "Ward, Christopher"]
[Result "1/2-1/2"]
[WhiteElo "2199"]
[BlackElo "2516"]
[PlyCount "81"]
[EventDate "2003.05.03"]

1. e4 c5 2. c3 d5 3. exd5 Qxd5 4. d4 g6 5. Nf3 Bg7 6. Be3 cxd4 7. cxd4 Nf6 8.
Nc3 Qa5 9. Be2 Nd5 10. O-O Nxc3 11. bxc3 O-O 12. Qb3 Nc6 13. Rfd1 Qc7 14. c4
Bg4 15. Rab1 b6 16. h3 Bxf3 17. Bxf3 Rac8 18. Qa3 Na5 19. Be2 Nxc4 20. Bxc4
Qxc4 21. Qxa7 e6 22. Qxb6 Qxa2 23. Qb3 Qxb3 24. Rxb3 Rfd8 25. Rbd3 Rd5 26. Kf1
Rc4 27. Ke2 f5 28. g3 Kf7 29. h4 Ra4 30. R3d2 Bf6 31. Kf3 Ra3 32. Ke2 Ra4 33.
Kf3 Ke8 34. Rd3 Ra7 35. Ke2 Rad7 36. R3d2 Bd8 37. Bf4 Ba5 38. Rd3 Rb5 39. Be5
Bc7 40. Bxc7 Rxc7 41. Ke3 1/2-1/2

[Event "4NCL/Div1/BET vs. WGR1"]
[Site "West Bromwich ENG"]
[Date "2003.05.03"]
[Round "9.8"]
[White "Hunt, Harriet"]
[Black "Tidman, Sophie"]
[Result "1-0"]
[WhiteElo "2393"]
[BlackElo "2129"]
[PlyCount "73"]
[EventDate "2003.05.03"]

1. e4 e6 2. Qe2 Be7 3. d3 d5 4. Nf3 Nf6 5. e5 Nfd7 6. g3 c5 7. Bg2 Nc6 8. O-O
O-O 9. c3 f6 10. exf6 Nxf6 11. a3 b5 12. b4 c4 13. dxc4 bxc4 14. Nbd2 Qc7 15.
Rd1 Kh8 16. a4 Bd7 17. Ba3 Rae8 18. Re1 Nd8 19. Nd4 a6 20. f4 Qa7 21. Kh1 Bxa4
22. Bb2 Bd7 23. N2f3 Bd6 24. Ne5 Qb7 25. Nxc4 Bc7 26. Ne5 a5 27. bxa5 Bxe5 28.
fxe5 Ne4 29. a6 Qb6 30. Bxe4 dxe4 31. Ba3 Rf3 32. Bb4 Nc6 33. Nxf3 exf3 34. Qe3
Qb5 35. Bd6 Ne7 36. Bxe7 Rxe7 37. a7 1-0

[Event "4NCL/Div1/AD1 vs. SLO1"]
[Site "West Bromwich ENG"]
[Date "2003.05.03"]
[Round "9.1"]
[White "Chandler, Murray G"]
[Black "Wells, Peter K"]
[Result "1/2-1/2"]
[WhiteElo "2517"]
[BlackElo "2487"]
[PlyCount "87"]
[EventDate "2003.05.03"]

1. e4 c5 2. Nf3 Nc6 3. Bb5 e6 4. Bxc6 bxc6 5. d3 Qc7 6. O-O Ne7 7. Ng5 f6 8.
Nh3 d6 9. f4 g6 10. c4 Bg7 11. Nc3 O-O 12. Kh1 Bd7 13. Be3 e5 14. fxe5 fxe5 15.
Nf2 h6 16. Qd2 Kh7 17. Ne2 a5 18. Ng3 Be6 19. Rae1 Ng8 20. h3 Qe7 21. Kg1 Bf6
22. Ne2 h5 23. Rc1 Qg7 24. Nh1 Qe7 25. Rf2 Bh4 26. Rxf8 Rxf8 27. Nhg3 a4 28.
Kh2 Nf6 29. Nh1 Nd7 {(=)} 30. Ng1 Rb8 31. Nf3 Bf6 32. Rf1 Bg8 33. Nf2 Nf8 34.
Ng5+ Kg7 35. Nd1 Ne6 36. Nxe6+ Bxe6 37. Nc3 a3 38. bxa3 g5 39. a4 g4 40. hxg4
hxg4 41. g3 Kg6 42. Kg2 Rh8 43. Rh1 Qd8 44. Rxh8 1/2-1/2

[Event "4NCL/Div1/AD1 vs. SLO1"]
[Site "West Bromwich ENG"]
[Date "2003.05.03"]
[Round "9.2"]
[White "Houska, Jovanka"]
[Black "Mestel, A Jonathan"]
[Result "1/2-1/2"]
[WhiteElo "2386"]
[BlackElo "2494"]
[PlyCount "88"]
[EventDate "2003.05.03"]

1. e4 c5 2. Nc3 g6 3. g3 Bg7 4. Bg2 Nc6 5. d3 d6 6. Be3 Rb8 7. Qd2 b5 8. Nge2
b4 9. Nd1 a5 10. O-O a4 11. f4 Qb6 12. a3 b3 13. c3 Nf6 14. h3 e6 15. Bf2 O-O
16. Ne3 d5 17. exd5 Nxd5 18. Nc4 Qa7 19. Nd6 f5 20. Nxc8 Rbxc8 21. c4 Nde7 22.
Rab1 Rfd8 23. Qe3 Qd7 24. Rfe1 Kf7 25. Qxc5 Ne5 26. Qa5 Nxd3 27. Red1 Rxc4 28.
Nc1 Nxf2 29. Rxd7 Rxd7 30. Kxf2 Rd1 31. Bf1 Rcxc1 32. Rxc1 Rxc1 33. Qxa4 Rc2+
34. Kf3 Nc6 35. Bc4 Nd4+ 36. Ke3 Rxb2 37. Qd7+ Kf8 38. a4 Nc2+ 39. Kd2 Nd4+ 40.
Kd3 Rb1 41. Bxb3 Nxb3 42. Qc8+ Kf7 43. Qc7+ Kf8 44. a5 Nxa5 1/2-1/2

[Event "4NCL/Div1/AD1 vs. SLO1"]
[Site "West Bromwich ENG"]
[Date "2003.05.03"]
[Round "9.3"]
[White "Hennigan, Michael T"]
[Black "McNab, Colin A"]
[Result "1-0"]
[WhiteElo "2434"]
[BlackElo "2412"]
[PlyCount "81"]
[EventDate "2003.05.03"]

1. e4 g6 2. d4 d6 3. Nc3 Bg7 4. Be3 Nf6 5. Nf3 c6 6. Qd2 Qa5 7. h3 Nbd7 8. a3
O-O 9. Be2 b5 10. O-O Qc7 11. Bh6 Bb7 12. Qg5 Bxh6 13. Qxh6 a5 14. Ng5 b4 15.
Nd1 c5 16. d5 Rfb8 17. f4 Qd8 18. Qh4 Nf8 19. Ne3 e6 20. e5 Nxd5 21. Ng4 f6 22.
exf6 Nxf6 23. Nxe6 Nxe6 24. Nxf6+ Kg7 25. Qxh7+ Kxf6 26. f5 Ng5 27. Qxg6+ Ke5
28. f6 Nxh3+ 29. Kh2 d5 30. Rf5+ Kd6 31. f7+ Kc7 32. f8=Q Qxf8 33. Rf7+ Qxf7
34. Qxf7+ Kb6 35. gxh3 Rf8 36. Qg6+ Bc6 37. Rf1 Rg8 38. Qh6 Rh8 39. Qe6 Rad8
40. Qf6 Rde8 41. Bg4 1-0

[Event "4NCL/Div1/AD1 vs. SLO1"]
[Site "West Bromwich ENG"]
[Date "2003.05.03"]
[Round "9.4"]
[White "Wohl, Aleksandar H"]
[Black "Richardson, John R"]
[Result "0-1"]
[WhiteElo "2401"]
[BlackElo "2312"]
[PlyCount "68"]
[EventDate "2003.05.03"]

1. d4 Nf6 2. c3 b6 3. Bg5 Bb7 4. Nd2 g6 5. Bxf6 exf6 6. Ngf3 f5 7. e3 Bg7 8. h4
d6 9. Qb3 Nc6 10. O-O-O Qd7 11. h5 O-O-O 12. Qa3 Kb8 13. Bb5 Qc8 14. Kb1 Ne7
15. Bc4 Rdf8 16. Qb3 Qe8 17. Rde1 h6 18. d5 g5 19. Nd4 c6 20. dxc6 Nxc6 21.
Nxf5 Na5 22. Qb5 Nxc4 23. Qxc4 Be5 24. f4 Qd7 25. Qd3 gxf4 26. exf4 Bxf4 27.
Rhf1 Bxd2 28. Qxd2 Rd8 29. Nxh6 f5 30. Nxf5 Rxh5 31. g4 Rh7 32. Rf4 Re8 33.
Qxd6+ Ka8 34. Rxe8+ Qxe8 $138 0-1

[Event "4NCL/Div1/AD1 vs. SLO1"]
[Site "West Bromwich ENG"]
[Date "2003.05.03"]
[Round "9.5"]
[White "Alfred, Nathan SW"]
[Black "Devereaux, Maxim"]
[Result "1/2-1/2"]
[WhiteElo "2325"]
[BlackElo "2305"]
[PlyCount "71"]
[EventDate "2003.05.03"]

1. d4 Nf6 2. Nf3 e6 3. c4 b6 4. a3 Bb7 5. Nc3 d5 6. cxd5 Nxd5 7. Qc2 Be7 8. e4
Nxc3 9. bxc3 O-O 10. Bd3 c5 11. Be3 Qc7 12. O-O cxd4 13. cxd4 Qxc2 14. Bxc2 Nc6
15. Rfd1 Na5 16. Bd3 Rac8 17. a4 Nc4 18. Bxc4 Rxc4 19. a5 bxa5 20. Rxa5 a6 21.
Ne5 Rc2 22. f3 Bb4 23. Raa1 Re2 24. Bf2 f5 25. Rab1 a5 26. exf5 Rxf5 27. Rdc1
h5 28. Nd3 g5 29. Nxb4 axb4 30. Rxb4 Rf7 31. Re1 Rxe1+ 32. Bxe1 Bd5 33. Bg3 Rb7
34. Rxb7 Bxb7 35. Be5 Kf7 36. Kf2 1/2-1/2

[Event "4NCL/Div1/AD1 vs. SLO1"]
[Site "West Bromwich ENG"]
[Date "2003.05.03"]
[Round "9.6"]
[White "de Coverly, Roger"]
[Black "Lyell, Mark"]
[Result "0-1"]
[WhiteElo "2091"]
[BlackElo "2242"]
[PlyCount "74"]
[EventDate "2003.05.03"]

1. e4 e5 2. Nf3 Nc6 3. Bb5 f5 4. Bxc6 bxc6 5. Qe2 d6 6. Nc3 Be7 7. exf5 c5 8.
g4 h5 9. Qe4 Rb8 10. Nd5 Nf6 11. Nxf6+ Bxf6 12. d4 Bb7 13. d5 hxg4 14. Nd2 Qd7
15. Qxg4 Bxd5 16. Ne4 Rb4 17. f3 Bxe4 18. fxe4 Qc6 19. O-O Qxe4 20. Qg2 Qxg2+
21. Kxg2 Rbh4 22. Rh1 R4h5 23. Rb1 d5 24. b4 c4 25. b5 e4 26. Bf4 Kd7 27. Rhd1
Rxf5 28. Be3 Rfh5 29. Bf4 Rf5 30. Be3 Rfh5 31. Bf4 Be7 32. h3 Bd6 33. Be3 Rxh3
34. Bxa7 Rh2+ 35. Kf1 Ke6 36. c3 Rxa2 37. Bg1 Rf8+ 0-1

[Event "4NCL/Div1/AD1 vs. SLO1"]
[Site "West Bromwich ENG"]
[Date "2003.05.03"]
[Round "9.7"]
[White "Anderton, David W"]
[Black "Armstrong, Malcolm J"]
[Result "1/2-1/2"]
[WhiteElo "2257"]
[BlackElo "2151"]
[PlyCount "103"]
[EventDate "2003.05.03"]

1. d4 d6 2. Nf3 Nf6 3. g3 g6 4. Bg2 Bg7 5. c4 O-O 6. Nc3 c6 7. O-O Qc7 8. h3 e5
9. e4 Nbd7 10. Be3 a6 11. Rc1 exd4 12. Nxd4 Nc5 13. b4 Ne6 14. Nb3 h6 15. Qd2
Kh7 16. f4 Rd8 17. Nd5 cxd5 18. cxd5 Qe7 19. dxe6 Bxe6 20. Na5 d5 21. Bb6 Rd7
22. e5 Ne4 23. Qe1 f5 24. Nb3 g5 {(=)} 25. Nc5 Nxc5 26. Bxc5 Qf7 27. fxg5 hxg5
28. Qe3 Bh6 29. g4 f4 30. Qd4 Bf8 31. Bb6 Bg7 32. Rf3 Re8 33. Rfc3 Kh6 34. Rc8
Rxc8 35. Rxc8 Re7 36. Rd8 Rd7 37. Bf3 Rxd8 38. Bxd8 Qd7 39. Bf6 Bf8 40. h4 Bxg4
41. hxg5+ Kg6 42. Bxd5 Bxb4 43. Be4+ Kh5 44. Qxd7 Bxd7 45. g6 Be6 46. a4 b5 47.
axb5 axb5 48. g7 Kg4 49. Kg2 Bc3 50. Bc6 f3+ 51. Bxf3+ Kf4 52. Bc6 1/2-1/2

[Event "4NCL/Div1/AD1 vs. SLO1"]
[Site "West Bromwich ENG"]
[Date "2003.05.03"]
[Round "9.8"]
[White "Roberson, Peter T"]
[Black "Bellin, Jana"]
[Result "1-0"]
[WhiteElo "1792"]
[BlackElo "2203"]
[PlyCount "45"]
[EventDate "2003.05.03"]

1. e4 c5 2. c3 e6 3. d4 d5 4. exd5 exd5 5. Nf3 Nc6 6. Be2 Nf6 7. Bg5 Be6 8. O-O
Bd6 9. dxc5 Bxc5 10. Nbd2 h6 11. Bh4 g5 12. Bg3 g4 13. Ne5 h5 14. Nb3 Bb6 15.
Bb5 Rc8 16. Nd4 Bxd4 17. Qxd4 h4 18. Nxc6 bxc6 19. Be5 Rh6 20. Ba6 Rb8 21. Qf4
Nd7 22. Qxh6 Nxe5 23. Qh8+ 1-0

[Event "4NCL/Div1/BAR1 vs. RIC"]
[Site "West Bromwich ENG"]
[Date "2003.05.03"]
[Round "9.1"]
[White "Dishman, Stephen"]
[Black "Bates, Richard A"]
[Result "1/2-1/2"]
[WhiteElo "2296"]
[BlackElo "2367"]
[PlyCount "37"]
[EventDate "2003.05.03"]

1. d4 e6 2. Nf3 c5 3. c3 Nc6 4. e4 d5 5. exd5 exd5 6. Be3 c4 7. b3 cxb3 8. axb3
Bd6 9. Bd3 Nge7 10. O-O Bf5 11. Bg5 f6 12. Bh4 O-O 13. Bg3 Bxg3 14. hxg3 Qd7
15. Bxf5 Nxf5 16. Qd3 a5 17. Qb5 Rf7 18. Re1 Raf8 19. Nbd2 1/2-1/2

[Event "4NCL/Div1/BAR1 vs. RIC"]
[Site "West Bromwich ENG"]
[Date "2003.05.03"]
[Round "9.2"]
[White "Wall, Gavin"]
[Black "Collinson, Adam"]
[Result "1/2-1/2"]
[WhiteElo "2383"]
[BlackElo "2390"]
[PlyCount "71"]
[EventDate "2003.05.03"]

1. e4 c5 2. Nf3 d6 3. Bb5+ Nd7 4. d4 Ngf6 5. Nc3 a6 6. Bxd7+ Nxd7 7. O-O e6 8.
d5 e5 9. a4 Be7 10. Nd2 O-O 11. Nc4 Nb6 12. Na3 Bd7 13. a5 Nc8 14. Nc4 b5 15.
axb6 Nxb6 16. Na5 f5 17. exf5 Bxf5 18. f4 exf4 19. Nc6 Qd7 20. Nxe7+ Qxe7 21.
Bxf4 Nc4 22. b3 Ne5 23. Qd2 Nf7 24. Bg3 Qf6 25. Rf2 Qg6 26. Raf1 Nh6 27. Ne2
Ng4 28. Nf4 Qh6 29. Re2 Ne5 30. Rfe1 Rae8 31. h3 Bd7 32. Rf2 Rf7 33. Ref1 Ref8
34. c4 Qg5 35. Qc3 h5 36. Ne2 1/2-1/2

[Event "4NCL/Div1/BAR1 vs. RIC"]
[Site "West Bromwich ENG"]
[Date "2003.05.03"]
[Round "9.3"]
[White "Palliser, Richard"]
[Black "Rotchev, Iouri"]
[Result "1/2-1/2"]
[WhiteElo "2441"]
[BlackElo "2350"]
[PlyCount "127"]
[EventDate "2003.05.03"]

1. d4 Nf6 2. c4 e6 3. Nf3 Bb4+ 4. Nbd2 b6 5. a3 Bxd2+ 6. Bxd2 Bb7 7. e3 O-O 8.
Bd3 Ne4 9. Bxe4 Bxe4 10. Qe2 d6 11. Bc3 a5 12. O-O a4 13. Nd2 Bb7 14. f4 Nd7
15. e4 Qe7 16. Rae1 Rfe8 17. Qh5 f6 18. Re3 Qf7 19. Qh4 Ba6 20. Rh3 Nf8 21. e5
Bb7 22. d5 exd5 23. exf6 d4 24. Bxd4 Re2 25. Rf2 Re1+ 26. Rf1 Re2 27. Nf3 Bxf3
28. Rhxf3 Qxc4 29. f5 c5 30. fxg7 Qxd4+ 31. Qxd4 cxd4 32. gxf8=Q+ Kxf8 33. Rd3
Rxb2 34. Rxd4 b5 35. Rfd1 b4 36. Rxb4 Rxb4 37. axb4 a3 38. b5 Ke7 39. b6 Kf6
40. Rxd6+ Kxf5 41. b7 Rb8 42. Ra6 Rxb7 43. Rxa3 Kg6 44. Kf2 h6 45. Kg3 Rc7 46.
h3 Rb7 47. Ra6+ Kg7 48. Kh4 Rc7 49. Ra5 Kg6 50. Ra6+ Kg7 51. Ra3 Kh7 52. g4 Kg6
53. Ra6+ Kg7 54. Ra3 Kg6 55. Kg3 Rb7 56. Ra6+ Kg7 57. Ra3 Kg6 58. h4 Kg7 59.
Ra4 Rc7 60. Ra5 Rc4 61. Ra7+ Kg8 62. Re7 Rc5 63. Kf3 h5 64. gxh5 1/2-1/2

[Event "4NCL/Div1/BAR1 vs. RIC"]
[Site "West Bromwich ENG"]
[Date "2003.05.03"]
[Round "9.4"]
[White "Webb, Laurence E"]
[Black "Knott, Simon"]
[Result "1-0"]
[WhiteElo "2283"]
[BlackElo "2391"]
[PlyCount "85"]
[EventDate "2003.05.03"]

1. e4 e6 2. d4 d5 3. e5 c5 4. c3 Nc6 5. Nf3 Qb6 6. a3 Nh6 7. b4 cxd4 8. cxd4
Nf5 9. Be3 Nxe3 10. fxe3 f5 11. Nc3 Be7 12. Bd3 O-O 13. h4 Bd7 14. Ne2 Nd8 15.
Nf4 a5 16. b5 a4 17. Kf2 Ra5 18. Ng5 Be8 19. g4 Bg6 20. Kg2 Bxg5 21. hxg5 Rxb5
22. Bxb5 Qxb5 23. Rb1 Qe8 24. Rf1 Qe7 25. Nxg6 hxg6 26. Qxa4 Qxg5 27. Rf4 Qe7
28. Qb4 Qc7 29. Qd2 Nf7 30. Rc1 Qe7 31. Qb4 Qd7 32. Qb6 Rc8 33. Rff1 Rc4 34. a4
Ng5 35. Qb5 Qc8 36. Rxc4 dxc4 37. Qc5 Qa8 38. Qb6 c3 39. Rc1 Qc8 40. Qc5 Qxc5
41. dxc5 Ne4 42. c6 bxc6 43. a5 1-0

[Event "4NCL/Div1/BAR1 vs. RIC"]
[Site "West Bromwich ENG"]
[Date "2003.05.03"]
[Round "9.5"]
[White "Webster, Andrew"]
[Black "Johnstone, Paul E"]
[Result "1/2-1/2"]
[WhiteElo "2418"]
[BlackElo "2301"]
[PlyCount "48"]
[EventDate "2003.05.03"]

1. Nf3 c5 2. c4 Nc6 3. Nc3 Nd4 4. e3 Nxf3+ 5. Qxf3 g6 6. b3 Bg7 7. Bb2 d6 8.
Be2 Nh6 9. h4 Rb8 10. h5 Bg4 11. Qg3 Bxe2 12. Kxe2 Qd7 13. f4 b5 14. d3 bxc4
15. dxc4 Qg4+ 16. Qxg4 Nxg4 17. Kf3 f5 18. Rad1 Kf7 19. Rd2 a5 20. Re1 Nf6 21.
e4 Nxe4 22. Nxe4 fxe4+ 23. Rxe4 Bxb2 24. Rxb2 a4 1/2-1/2

[Event "4NCL/Div1/BAR1 vs. RIC"]
[Site "West Bromwich ENG"]
[Date "2003.05.03"]
[Round "9.6"]
[White "Nixon, Thomas CM"]
[Black "Rogers, Jonathan W"]
[Result "1-0"]
[WhiteElo "2206"]
[BlackElo "2346"]
[PlyCount "69"]
[EventDate "2003.05.03"]

1. d4 f5 2. Nf3 Nf6 3. g3 e6 4. Bg2 Be7 5. O-O O-O 6. c4 Ne4 7. Qc2 d5 8. Ne5
Nd7 9. Bf4 Bf6 10. Rd1 c6 11. Nxd7 Bxd7 12. f3 Ng5 13. Nc3 Qe7 14. e4 Nf7 15.
cxd5 exd5 16. exf5 Nd6 17. g4 Nc4 18. Ne4 Bh4 19. Bf1 g6 20. Bxc4 gxf5 21. Bd6
Qf7 22. gxf5 Bxf5 23. Qg2+ Bg6 24. Bxf8 dxc4 25. Bd6 Qd5 26. Bg3 Be7 27. Nc3
Qd7 28. d5 Rf8 29. d6 Bd8 30. Ne4 b5 31. Kh1 Qe6 32. Nc5 Qf5 33. Nb7 Bh5 34.
Rf1 Bg5 35. Bh4 1-0

[Event "4NCL/Div1/BAR1 vs. RIC"]
[Site "West Bromwich ENG"]
[Date "2003.05.03"]
[Round "9.7"]
[White "Ferguson, Mark"]
[Black "Franklin, Michael J"]
[Result "1/2-1/2"]
[WhiteElo "2377"]
[BlackElo "2222"]
[PlyCount "47"]
[EventDate "2003.05.03"]

1. e4 c5 2. Nf3 a6 3. Nc3 b5 4. d4 cxd4 5. Nxd4 Bb7 6. Bd3 e6 7. O-O Bc5 8. Nb3
Ba7 9. Bf4 Ne7 10. Qe2 Nbc6 11. Rad1 e5 12. Be3 d6 13. Bxa7 Nxa7 14. a4 b4 15.
Nd5 Nac6 16. Bc4 Nxd5 17. Bxd5 Qc7 18. Rd3 O-O 19. Rfd1 a5 20. Rh3 Nd8 21. Bxb7
Nxb7 22. Rdd3 f5 23. exf5 Rxf5 24. Rhf3 1/2-1/2

[Event "4NCL/Div1/BAR1 vs. RIC"]
[Site "West Bromwich ENG"]
[Date "2003.05.03"]
[Round "9.8"]
[White "Wilson, Alexandra"]
[Black "Lauterbach, Ingrid"]
[Result "1-0"]
[WhiteElo "2037"]
[BlackElo "2144"]
[PlyCount "69"]
[EventDate "2003.05.03"]

1. e4 d6 2. d4 Nf6 3. Nc3 g6 4. Be3 c6 5. Qd2 b5 6. f3 Nbd7 7. g4 Nb6 8. h4 a5
9. h5 b4 10. Nd1 Ba6 11. hxg6 fxg6 12. Bxa6 Rxa6 13. b3 Qc8 14. c4 bxc3 15.
Qxc3 d5 16. e5 e6 17. a3 Nfd7 18. Bh6 Bxh6 19. Rxh6 O-O 20. Rc1 Nb8 21. Rc2 Rf7
22. Rch2 Qf8 23. Qc2 Rg7 24. Qc1 N6d7 25. f4 {(=)} 25... c5 26. Nf3 cxd4 27.
Nxd4 Nc5 28. Nf2 Nc6 29. Nf3 Nxb3 30. Qe3 Qxa3 31. Ng5 Ncd4 32. Nd3 Nc2+ 33.
Rxc2 Rb7 34. Rc8+ Kg7 35. Rxh7# 1-0

[Event "4NCL/Div1/SWD1 vs. AD1"]
[Site "West Bromwich ENG"]
[Date "2003.05.04"]
[Round "10.1"]
[White "Cooper, John G"]
[Black "Chandler, Murray G"]
[Result "1/2-1/2"]
[WhiteElo "2318"]
[BlackElo "2517"]
[PlyCount "60"]
[EventDate "2003.05.04"]

1. Nf3 Nf6 2. c4 e6 3. Nc3 d5 4. d4 Be7 5. Bg5 O-O 6. e3 h6 7. Bh4 b6 8. Be2
Bb7 9. Bxf6 Bxf6 10. cxd5 exd5 11. O-O Re8 12. b4 c6 13. Qb3 Nd7 14. a4 a5 15.
bxa5 Rxa5 16. Rfe1 Ba6 17. Bxa6 Rxa6 18. e4 dxe4 19. Nxe4 Re6 20. Rad1 Ra5 21.
d5 cxd5 22. Rxd5 Rxd5 23. Qxd5 Qe7 24. Kf1 g6 25. Nxf6+ Nxf6 26. Rxe6 Qxe6 27.
Qxe6 fxe6 28. Ne5 Nd5 29. Nc4 Kg7 30. a5 bxa5 1/2-1/2

[Event "4NCL/Div1/SWD1 vs. AD1"]
[Site "West Bromwich ENG"]
[Date "2003.05.04"]
[Round "10.2"]
[White "Mestel, A Jonathan"]
[Black "James, David J"]
[Result "1-0"]
[WhiteElo "2494"]
[BlackElo "2253"]
[PlyCount "112"]
[EventDate "2003.05.04"]

1. Nf3 Nf6 2. c4 b6 3. g3 Bb7 4. Bg2 e6 5. O-O Be7 6. d3 d5 7. b3 O-O 8. Bb2
Nbd7 9. Nc3 c5 10. e3 g6 11. Qe2 Qc7 12. e4 d4 13. Nb1 e5 14. Nbd2 Ne8 15. Bh3
Bc8 16. Ne1 Bg5 17. Ng2 Bxd2 18. Qxd2 Ndf6 19. Bxc8 Qxc8 20. b4 Nd6 21. bxc5
bxc5 22. Ba3 Nd7 23. f4 f6 24. Rf2 Qc6 25. Qc2 f5 26. exf5 Nxf5 27. Re1 Rae8
28. Rfe2 Qd6 29. Bc1 Re7 30. Re4 Rfe8 31. Qf2 exf4 32. Bxf4 Qf6 33. Qf3 Ne5 34.
Bxe5 Rxe5 35. Rxe5 Rxe5 36. Qa8+ Kf7 37. Qxa7+ Ne7 38. Rf1 Rf5 39. Re1 Re5 40.
Rf1 Rf5 41. Rb1 g5 42. g4 Rf2 43. Re1 Rf3 44. Qd7 Rh3 45. Re2 h6 46. Ne1 Re3
47. Rf2 Rxe1+ 48. Kg2 Qxf2+ 49. Kxf2 Re3 50. Qd6 Rxd3 51. Qxh6 Rd2+ 52. Ke1
Rxa2 53. Qxg5 Ra1+ 54. Kd2 Ra2+ 55. Kd1 Ra1+ 56. Kc2 Ra4 1-0

[Event "4NCL/Div1/SWD1 vs. AD1"]
[Site "West Bromwich ENG"]
[Date "2003.05.04"]
[Round "10.3"]
[White "Zeidler, Sven P"]
[Black "Hennigan, Michael T"]
[Result "0-1"]
[WhiteElo "2265"]
[BlackElo "2434"]
[PlyCount "96"]
[EventDate "2003.05.04"]

1. e4 c5 2. Nc3 Nc6 3. Bb5 Na5 4. Nf3 a6 5. Be2 e6 6. O-O b5 7. d4 cxd4 8. Nxd4
Bb7 9. Bf3 d6 10. Re1 Nf6 11. Bg5 Be7 12. a4 b4 13. Na2 Qb6 14. Qd2 h6 15. Be3
Nc4 16. Qd3 Nxe3 17. Qxe3 d5 18. e5 Ne4 19. Bh5 Bg5 20. Qd3 Nc5 21. Qg3 g6 22.
Bg4 Nxa4 23. c3 a5 24. h4 Be7 25. h5 g5 26. b3 Nxc3 27. Nxc3 bxc3 28. Ra4 Bb4
29. Rd1 Rc8 30. Qd3 Ba6 31. Qc2 Ke7 32. g3 Qc7 33. Re1 Rcg8 34. Kh2 Qb6 35. Rd1
Bc8 36. Kh3 Bd7 37. Ra2 Rf8 38. f4 gxf4 39. gxf4 f5 40. exf6+ Rxf6 41. Qf2 Bc5
42. Re2 Rc8 43. Rc2 e5 44. Bxd7 Kxd7 45. Qg3 Bxd4 46. Qg7+ Kd8 47. Rxd4 exd4
48. Re2 Qd6 0-1

[Event "4NCL/Div1/SWD1 vs. AD1"]
[Site "West Bromwich ENG"]
[Date "2003.05.04"]
[Round "10.4"]
[White "Richardson, John R"]
[Black "Evans-Quek, Suan"]
[Result "0-1"]
[WhiteElo "2312"]
[BlackElo "2270"]
[PlyCount "100"]
[EventDate "2003.05.04"]

1. d4 d6 2. g3 e5 3. dxe5 dxe5 4. Qxd8+ Kxd8 5. f4 e4 6. Nc3 f5 7. g4 g6 8. Be3
Bg7 9. O-O-O+ Ke8 10. gxf5 gxf5 11. Nd5 Na6 12. Nh3 h6 13. Rg1 Rh7 14. Bd4 Bxd4
15. Rxg8+ Kf7 16. Rxd4 Kxg8 17. Nf6+ Kg7 18. Nxh7 Kxh7 19. Rd8 Rb8 20. Re8 Kg6
21. Nf2 Bd7 22. Re7 Rd8 23. Bh3 Nb4 24. Re5 Nxa2+ 25. Kb1 Nb4 26. c3 Nc6 27.
Rc5 Kf6 28. Kc2 Be6 29. Nd1 Rd5 30. Rxd5 Bxd5 31. b3 Bf7 32. Ne3 Be6 33. Bf1
Na5 34. c4 c5 35. Kc3 Nc6 36. Nd5+ Bxd5 37. cxd5 Nb4 38. Kc4 b6 39. Bh3 e3 40.
d6 Ke6 41. d7 Kxd7 42. Bxf5+ Kd6 43. Be4 a6 44. Bb7 b5+ 45. Kc3 a5 46. Be4 Nd5+
47. Kd3 a4 48. bxa4 bxa4 49. Bf3 a3 50. Kc2 c4 0-1

[Event "4NCL/Div1/SWD1 vs. AD1"]
[Site "West Bromwich ENG"]
[Date "2003.05.04"]
[Round "10.5"]
[White "Jones, Richard S"]
[Black "Alfred, Nathan SW"]
[Result "0-1"]
[WhiteElo "2246"]
[BlackElo "2325"]
[PlyCount "58"]
[EventDate "2003.05.04"]

1. e4 e6 2. Nc3 d5 3. d4 Nf6 4. e5 Nfd7 5. Nce2 c5 6. c3 Nc6 7. f4 b5 8. a3 Qb6
9. Nf3 a5 10. Be3 Ba6 11. dxc5 Bxc5 12. Bxc5 Nxc5 13. Ned4 O-O 14. b4 Ne4 15.
Bd3 f5 16. Qc2 Rac8 17. Qb2 Nxc3 18. Qxc3 Nxb4 19. Qd2 Nxd3+ 20. Qxd3 b4 21.
Qb1 Rc3 22. Qb2 Rfc8 23. axb4 axb4 24. Rd1 b3 25. Rd2 Rc1+ 26. Rd1 R1c2 27. Qa3
R8c3 28. Nxc2 Re3+ 29. Kf2 Re2+ 0-1

[Event "4NCL/Div1/SWD1 vs. AD1"]
[Site "West Bromwich ENG"]
[Date "2003.05.04"]
[Round "10.6"]
[White "Lyell, Mark"]
[Black "Trevelyan, John"]
[Result "1-0"]
[WhiteElo "2242"]
[BlackElo "2191"]
[PlyCount "33"]
[EventDate "2003.05.04"]

1. e4 d6 2. b3 Nf6 3. Nc3 e5 4. f4 Nbd7 5. Nf3 c6 6. Bb2 Be7 7. d4 exd4 8. Qxd4
d5 9. exd5 Bc5 10. Qd3 O-O 11. O-O-O cxd5 12. Nxd5 Nxd5 13. Qxd5 Qb6 14. Bd3
Nf6 15. Bxf6 Be3+ 16. Kb1 Qxf6 17. Qe4 1-0